Liedtext Dschinghis Khan - Dschinghis Khan - Statistiken

Allgemein
  • Dieses Quiz wurde 471 mal gespielt
  • Das Durchschnittsergebnis liegt bei 106 aus 208
Antwortstatistiken
Textquiz % Korrekt
Dsching,
97%
Khan.
93%
Khan!
93%
Ho
88%
He
87%
Dschinghis
80%
Immer
77%
immer!
77%
die
73%
Die
73%
weiter!
73%
Reiter!
72%
Sie
72%
sie
72%
Und
71%
und
71%
den
66%
der
62%
er
62%
Er
62%
in
61%
wir
59%
einer
55%
ritt
55%
wie
55%
ritten
52%
dem
51%
man
51%
Mongolen,
51%
auf!
50%
Auf
50%
auf
50%
denn
50%
sind
50%
mit
48%
um
47%
Brüder!
45%
Mann.
45%
Wette
44%
tausend
43%
Steppenwind,
42%
uns
42%
alle
40%
noch
40%
Sauft
40%
holen,
39%
sein
39%
das
38%
folgten
37%
Pferde
37%
blind,
36%
Lasst
36%
Nacht
36%
Rauft
36%
vorran
36%
wieder!
35%
Teufel
33%
es
32%
Kinder
30%
einem
29%
früh
29%
genug!
29%
hat
29%
Hufe
29%
lachen.
29%
lachen
29%
seine
29%
Vodka
29%
zeugte
29%
ihrer
28%
jedes
28%
Land
28%
Sand,
28%
sieben
28%
über
28%
Frau
27%
ihn
26%
kriegt
26%
nur
26%
hielt
25%
Krug
25%
Schrecken
25%
Zug!
25%
Feinde
24%
gelacht,
24%
leert
24%
nicht
24%
So
24%
weder
24%
Angst
23%
Blitz
23%
Donner
23%
Männer!
21%
trugen
21%
lauter
20%
Leute!
20%
Welt.
20%
Weib
19%
Zelt,
19%
hört
18%
ihm
18%
nahm
18%
gab
17%
sich
17%
gefiel
15%
liebte
15%
hieß
13%
keiner
12%
Tanzt
12%
seiner
10%
durchpeitschten
8%
konnt
7%
Macht
5%
wiederstehen!
4%
Keine übereinstimmenden Quizze gefunden
Verteilung der Resultate
Anzahl Personen mit jedem Resultat
Perzentil nach korrekt beantworteten Fragen
Ihre Resultats-Entwicklung
Sie haben dieses Quiz noch nicht gespielt